000 00593nam a2200181Ia 4500
008 151018s9999 xx 000 0 und d
082 _bRBASDV7968
_a891.463
100 _aचंद्रकांत काकोडकर
245 _aपराजिता मी
250 _b1
260 _bचंद्रकांत
_c1972
300 _a112
600 _aचंद्रकांत काकोडकर
630 _aपराजिता मी
700 _aचंद्रकांत काकोडकर
730 _aपराजिता मी
942 _cBOOK
999 _c1010333
_d1010330